Toutes les chansons de Sienna Spiro - Statistiques

Statistiques générales
  • Ce quiz a été pris 8 fois
  • Le résultat moyen est 8 sur 12
Statistiques - réponses
Réponse % Correct
Maybe.
100%
The Visitor
100%
Back To Blonde
86%
Die On This Hill
86%
You Stole The Show
86%
Dream Police
71%
Need me
71%
Taxi Driver
71%
Cyanide
43%
Origami
43%
Butterfly effect
29%
I Don't Hate You
29%
Aucun quiz correspondant
Distribution des résultats
% des personnes avec chaque résultat
Percentile par nombre de réponses
Votre historique - résultats
Vous n’avez pas pris ce quiz